00615nam a22001457a 4500003000400000005001700004008004100021040001400062100005100076245016400127260000900291300003000300500010700330504003200437OSt20171010095442.0120611t xxu||||| |||| 00| 0 eng d aMMSUcULS aBalantac, Merry Chris P., Cacatian, Ronald M.  aDesign, fabrication and testing of a laboratory scale solution heater with interface water temperature controller cMerry Chris P. Balantac, Ronald M. Cacatian c2006 aix, [128] leaves c28 cm. aThesis (BS Chemical Engineering) -- Mariano Marcos State University-College of Engineering, Batac City aBibliography: leaves 33-34